Dewey decimal classification. (Record no. 5660)
[ view plain ]
| 000 -LEADER | |
|---|---|
| fixed length control field | 01454nam a2200325 a 4500 |
| 001 - CONTROL NUMBER | |
| control field | 20393385 |
| 003 - CONTROL NUMBER IDENTIFIER | |
| control field | OSt |
| 005 - DATE AND TIME OF LATEST TRANSACTION | |
| control field | 20190108171603.0 |
| 008 - FIXED-LENGTH DATA ELEMENTS--GENERAL INFORMATION | |
| fixed length control field | 890901s1989 nyu 001 0 eng |
| 010 ## - LIBRARY OF CONGRESS CONTROL NUMBER | |
| LC control number | 89027221 |
| 020 ## - INTERNATIONAL STANDARD BOOK NUMBER | |
| International Standard Book Number | 0910608431 (alk. paper) |
| 040 ## - CATALOGING SOURCE | |
| Original cataloging agency | DLC |
| Transcribing agency | DLC |
| Modifying agency | UtOrBLW |
| 050 0# - LIBRARY OF CONGRESS CALL NUMBER | |
| Classification number | Z696.D72 |
| Item number | R455 1989 |
| 082 0# - DEWEY DECIMAL CLASSIFICATION NUMBER | |
| Classification number | 025.4 |
| Edition number | 20 |
| Item number | D519r |
| 100 1# - MAIN ENTRY--PERSONAL NAME | |
| Personal name | Dewey, Melvil, |
| Dates associated with a name | 1851-1931 |
| 240 10 - UNIFORM TITLE | |
| Uniform title | Dewey decimal classification and relative index. |
| Name of part/section of a work | 200 religion class |
| 245 10 - TITLE STATEMENT | |
| Title | Dewey decimal classification. |
| Name of part/section of a work | 200 religion class : |
| Remainder of title | reprinted from Dewey decimal classification edition 20 : with a revised and expanded index and Manual notes from Edition 20 / |
| Statement of responsibility, etc. | devised by Melvil Dewey ; edited by John P. Comaromi, Julianne Beall, Winton E. Matthews, Jr., Gregory R. New, Michael B. Cantlon |
| 264 #1 - PRODUCTION, PUBLICATION, DISTRIBUTION, MANUFACTURE, AND COPYRIGHT NOTICE | |
| Place of production, publication, distribution, manufacture | Albany, N.Y. : |
| Name of producer, publisher, distributor, manufacturer | Forest Press, a division of OCLC Online Computer Library Center, |
| Date of production, publication, distribution, manufacture, or copyright notice | 1989 |
| 300 ## - PHYSICAL DESCRIPTION | |
| Extent | viii, 191 pages ; |
| Dimensions | 24 cm |
| 336 ## - CONTENT TYPE | |
| Content type term | text |
| Content type code | txt |
| Source | rdacontent |
| 337 ## - MEDIA TYPE | |
| Media type term | unmediated |
| Media type code | n |
| Source | rdamedia |
| 338 ## - CARRIER TYPE | |
| Carrier type term | volume |
| Carrier type code | nc |
| Source | rdacarrier |
| 500 ## - GENERAL NOTE | |
| General note | Michael B. Cantlon provided extensive guidance in editing the Dewey decimal classification 200 religion schedule, Manual notes, and index |
| 650 #0 - SUBJECT ADDED ENTRY--TOPICAL TERM | |
| Topical term or geographic name entry element | Classification |
| General subdivision | Books |
| -- | Religion |
| 650 #0 - SUBJECT ADDED ENTRY--TOPICAL TERM | |
| Topical term or geographic name entry element | Classification, Dewey decimal |
| 700 1# - ADDED ENTRY--PERSONAL NAME | |
| Personal name | Comaromi, John P. |
| Fuller form of name | (John Phillip), |
| Dates associated with a name | 1937- |
| 700 1# - ADDED ENTRY--PERSONAL NAME | |
| Personal name | Cantlon, Michael B |
| 740 0# - ADDED ENTRY--UNCONTROLLED RELATED/ANALYTICAL TITLE | |
| Uncontrolled related/analytical title | 200 religion class |
| 942 ## - ADDED ENTRY ELEMENTS (KOHA) | |
| Source of classification or shelving scheme | Dewey Decimal Classification |
| Koha item type | Books |
| Withdrawn status | Lost status | Source of classification or shelving scheme | Damaged status | Not for loan | Collection code | Home library | Current library | Shelving location | Date acquired | Cost, normal purchase price | Total Checkouts | Full call number | Barcode | Date last seen | Price effective from | Koha item type |
|---|---|---|---|---|---|---|---|---|---|---|---|---|---|---|---|---|
| Dewey Decimal Classification | Non-fiction | Harvest Mission College | Harvest Mission College | General Stacks | 08.01.2019 | 200.00 | 025.4 D519r | 006367 | 08.01.2019 | 08.01.2019 | Books |
